Transformation : (Запис № 558998)

МАРК-запис
000 -LEADER
fixed length control field 01488cam a2200373 a 4500
001 - CONTROL NUMBER
control field transformationbr00stri
003 - CONTROL NUMBER IDENTIFIER
control field CaSfIA
005 - DATE AND TIME OF LATEST TRANSACTION
control field 20210119103753.0
007 - PHYSICAL DESCRIPTION FIXED FIELD--GENERAL INFORMATION
fixed length control field cr||||
008 - FIXED-LENGTH DATA ELEMENTS--GENERAL INFORMATION
fixed length control field 880331s1988 nyu 000 0 eng
010 ## - LIBRARY OF CONGRESS CONTROL NUMBER
LC control number 88012105
040 ## - CATALOGING SOURCE
Original cataloging agency DLC
Transcribing agency DLC
Modifying agency BAKER
-- BTCTA
-- YDXCP
-- CaSfIA
020 ## - INTERNATIONAL STANDARD BOOK NUMBER
International Standard Book Number 0688077005
020 ## - INTERNATIONAL STANDARD BOOK NUMBER
International Standard Book Number 9780688077006
035 ## - SYSTEM CONTROL NUMBER
System control number (OCoLC)17877411
050 00 - LIBRARY OF CONGRESS CALL NUMBER
Classification number TL789.3
Item number .S773 1988
082 00 - DEWEY DECIMAL CLASSIFICATION NUMBER
Classification number 001.9/42
Edition number 19
029 1# - (OCLC)
OCLC library identifier NLGGC
System control number 052712761
029 1# - (OCLC)
OCLC library identifier YDXCP
System control number 563105
029 1# - (OCLC)
OCLC library identifier NZ1
System control number 4998693
029 1# - (OCLC)
OCLC library identifier AU@
System control number 000005830696
100 1# - MAIN ENTRY--PERSONAL NAME
Personal name Strieber, Whitley.
245 10 - TITLE STATEMENT
Title Transformation :
Medium [electronic resource]
Remainder of title the breakthrough /
Statement of responsibility, etc Whitley Strieber.
250 ## - EDITION STATEMENT
Edition statement 1st ed.
260 ## - PUBLICATION, DISTRIBUTION, ETC. (IMPRINT)
Place of publication, distribution, etc New York :
Name of publisher, distributor, etc Beech Tree Books,
Date of publication, distribution, etc c1988.
300 ## - PHYSICAL DESCRIPTION
Extent 256 p. ;
Dimensions 24 cm.
506 ## - RESTRICTIONS ON ACCESS NOTE
Standardized terminology for access restriction Необхідна авторизація на https://archive.org/ (створення облікового запису безкоштовно)
506 ## - RESTRICTIONS ON ACCESS NOTE
Standardized terminology for access restriction Необхідна авторизація на https://openlibrary.org/ (створення облікового запису безкоштовно)
650 #0 - SUBJECT ADDED ENTRY--TOPICAL TERM
Topical term or geographic name as entry element Unidentified flying objects
General subdivision Sightings and encounters.
650 #0 - SUBJECT ADDED ENTRY--TOPICAL TERM
Topical term or geographic name as entry element Alien abduction.
856 41 - ELECTRONIC LOCATION AND ACCESS
Uniform Resource Identifier <a href="http://www.archive.org/details/transformationbr00stri">http://www.archive.org/details/transformationbr00stri</a>
Public note Free eBook from the Internet Archive
856 42 - ELECTRONIC LOCATION AND ACCESS
Uniform Resource Identifier <a href="http://www.openlibrary.org/books/OL2035956M">http://www.openlibrary.org/books/OL2035956M</a>
Public note Additional information and access via Open Library
942 ## - ADDED ENTRY ELEMENTS (KOHA)
Koha item type ЕКнига

Немає доступних примірників.